| 000 | 00455cam a22001814a 4500 | ||
|---|---|---|---|
| 005 | 20250605164034.0 | ||
| 008 | 250528s ||||||||||||||||||||||||d | ||
| 035 | _a16739 | ||
| 020 | _a201000664 | ||
| 040 |
_aGR-AtMCL _bgre _dGR-AtMCL _eAACR2 |
||
| 245 | 1 | _aManuel Des Etudes Literaires Francaises / XIXe siecle | |
| 260 |
_bXixe Siecle, _c1966 |
||
| 300 | _a312 | ||
| 700 | 1 |
_aCastex P. -G _92829 |
|
| 942 | _cBK | ||
| 999 |
_c2209 _d2209 |
||